00341 a2200109 4500001001000000005001700010008004100027245006800068100001800136773006000154999001700214ART_4128420260410161942.0260409a 10aNuevo régimen complementario de la ley de riesgos del trabajo1 aDuarte, David0 tTemas de derecho laboralg- Nº 3 (mar. 2017)wREV27619 c29628d29628